| 000 | 00355nam a2200145Ia 4500 | ||
|---|---|---|---|
| 008 | 230917s9999||||xx |||||||||||||| ||und|| | ||
| 040 |
_e115704 _aMAIN |
||
| 041 | _aEnglish | ||
| 082 | _aB J334D:J | ||
| 100 | _aDas, Ratan | ||
| 245 | 0 | _aJayprakash narayan: his life and mission | |
| 260 |
_aNew Delhi _bSarup _c2007 |
||
| 300 | _a323p p. | ||
| 942 | _cBK | ||
| 999 |
_c139809 _d139809 |
||